000 00921nmm a2200289 a 4500
001 ocm0002016140
003 TR-IsHL
005 20201028175607.0
008 181029s2016 tu tur
007 cr cn
020 _a9786059148467
035 _a2016140
_b(N$T)
050 0 4 _aPL76.9.S49
_bK3 2016
090 0 4 _aPL76.9.S49
_bK3 2016
100 1 _aSeysenbayev, Rollan
245 1 0 _aKaçış
_h[electronic resource] /
_cRollan Seysenbayev ; çeviren Arif Acaloğlu
250 _a1. Baskı
260 _aAnkara :
_bBengü Yayınları,
_c2016
300 _a78 p.
650 4 _aDil ve Edebiyat
650 4 _aLanguage and Literature
650 0 _aKazak roman
650 0 _aKazakh ficiton
650 7 _aLITERARY COLLECTIONS / Russian & Former Soviet Union
_2bisacsh
700 1 _aAcaloğlu, Arif
856 4 0 _uhttp://search.ebscohost.com/login.aspx?direct=true&scope=site&db=e011xww&AN=2016140
999 _c18743
_d18743